000 00514nam a2200181Ia 4500
008 240925s9999 xx 000 0 und d
020 _a9781111425791
082 _a621.317 GLO
100 _aKanetkar, Yashvant ; Glover, J. Duncan; Sarma, Mulukutla S.
245 0 _aPower system analysis and design
250 _a5th
260 _aAustralia:
_bCENGAGE Learning
_c,2012.
300 _ax, 414p.
_b0
_fOriginal
500 _aIncludes Index
600 _aPower Engineering
650 _aTechnology
942 _cBK
999 _c13270
_d13270